| 000 | 00537nam a2200157 a 4500 | ||
|---|---|---|---|
| 001 | 000044894 | ||
| 005 | 20201002045719.0 | ||
| 008 | 150115s2014 dr a 000 0 spa d | ||
| 020 | _a9789945588026 | ||
| 040 |
_aDO-SdBNP _bspa _cBNPHU |
||
| 100 | 1 |
_aBrito Ureña, Luis Manuel _91096 |
|
| 245 | 1 | 3 |
_aEl Padre Vicente que conocimos. / _cLuis Manuel Brito Ureña. |
| 260 |
_aSanto Domingo : _bMinisterio de cultura _bNacional, _c2014. |
||
| 300 |
_a300 p. ; _c23 cm. |
||
| 500 | _aIncluye datos biografícos del autor en la solapa de la portada | ||
| 999 |
_c44383 _d44383 |
||